2005-2009 : espacio líquido = liquid space (Record no. 353876)
[ view plain ]
| 000 -LEADER | |
|---|---|
| fixed length control field | 01505nam a2200241 a 4500 |
| 001 - CONTROL NUMBER | |
| control field | ASIN8488386567 |
| 003 - CONTROL NUMBER IDENTIFIER | |
| control field | OSt |
| 005 - DATE AND TIME OF LATEST TRANSACTION | |
| control field | 20180116192420.0 |
| 008 - FIXED-LENGTH DATA ELEMENTS--GENERAL INFORMATION | |
| fixed length control field | 140128s2009 xxu eng d |
| 020 ## - INTERNATIONAL STANDARD BOOK NUMBER | |
| International Standard Book Number | 8488386567 (paperback) |
| Terms of availability | $81.00 |
| 020 ## - INTERNATIONAL STANDARD BOOK NUMBER | |
| International Standard Book Number | 9788488386564 (paperback) |
| 040 ## - CATALOGING SOURCE | |
| Transcribing agency | sada |
| 082 ## - DEWEY DECIMAL CLASSIFICATION NUMBER | |
| Classification number | 720.952 |
| Author Mark | ITO 2009 |
| 100 1# - MAIN ENTRY--PERSONAL NAME | |
| Personal name | Ito, Toyo |
| 9 (RLIN) | 7251 |
| 245 13 - TITLE STATEMENT | |
| Title | 2005-2009 : espacio líquido = liquid space |
| Statement of responsibility, etc. | Toyo Ito |
| 260 ## - PUBLICATION, DISTRIBUTION, ETC. | |
| Place of publication, distribution, etc. | [S.l.] : |
| Name of publisher, distributor, etc. | El Croquis, |
| Date of publication, distribution, etc. | 2009. |
| 300 ## - PHYSICAL DESCRIPTION | |
| Extent | 232 p. ; |
| Dimensions | 34 cm. |
| 490 1# - SERIES STATEMENT | |
| Series statement | English and spanish edition. |
| 520 ## - SUMMARY, ETC. | |
| Summary, etc. | Bringing together recent works and projects undertaken between 2005 and 2009, this collection emphasises Toyo Ito s consistent ability to create engaging designs for a diverse range of predominantly public facilities. Among the 15 projects featured in this issue are designs for the Fukuoka Island City Central Park Grin Grin, the Meiso no Mori Municipal Funeral Hall, Tama Art University Library, the White O project, the New Deichman Main Library, Oslo and the Market Street Tower, Singapore. Introduced by an interview between the architect and Sou Fujimoto and followed by and exploratory essay from Mohsen Mostafavi, all works are accompanied by full-page colour photographs and images, along with plans, elevations, Ito s delicate models and explanatory sketches. |
| 830 #0 - SERIES ADDED ENTRY--UNIFORM TITLE | |
| Uniform title | English and spanish edition. |
| 9 (RLIN) | 7252 |
| 856 40 - ELECTRONIC LOCATION AND ACCESS | |
| Materials specified | Amazon.com |
| Uniform Resource Identifier | <a href="http://www.amazon.com/exec/obidos/ASIN/8488386567/chopaconline-20">http://www.amazon.com/exec/obidos/ASIN/8488386567/chopaconline-20</a> |
| 942 ## - ADDED ENTRY ELEMENTS (KOHA) | |
| Source of classification or shelving scheme | |
| Koha item type | Book |
| Withdrawn status | Lost status | Source of classification or shelving scheme | Damaged status | Not for loan | Permanent Location | Current Location | Date acquired | Total Checkouts | Total Renewals | Full call number | Barcode | Date last seen | Date last checked out | Cost, replacement price | Price effective from | Koha item type |
|---|---|---|---|---|---|---|---|---|---|---|---|---|---|---|---|---|
| School of Art Design and Architecture (SADA) | School of Art Design and Architecture (SADA) | 01/23/2014 | 3 | 2 | 720.952 ITO 2009 | SADA0002209 | 10/08/2015 | 09/22/2015 | 9045.43 | 01/28/2014 | Book |
